Capitals In Pieces - Statistics

General Stats
  • This quiz has been taken 30 times
    26 since last reset
  • The average score is 13 of 31
Answer Stats
Answer % Correct
Juba
74%
Rome
74%
Andorra la Vella
68%
Dhaka
68%
Riga
63%
Kathmandu
58%
Maputo
58%
Kabul
53%
Madrid
53%
Antananarivo
47%
Yaoundé
42%
Kingston
37%
Kingstown
37%
Lima
37%
Lisbon
37%
Malé
37%
Manama
37%
Rabat
37%
Kiev
32%
Kinshasa
32%
Lilongwe
32%
Malabo
32%
Managua
32%
Manila
32%
Maseru
32%
Roseau
32%
Yamoussoukro
32%
Kampala
26%
Yaren
26%
Gaborone
16%
Libreville
16%
No matching quizzes found
Score Distribution
Percent of People with Each Score
Percentile by Number Answered
Your Score History
You have not taken this quiz since the last reset